| Tag |
First Indicator |
Second Indicator |
Subfields |
| LEADER |
00000cam a2200000 4500 |
| 001 |
in00000049756 |
| 005 |
20151007073740.0 |
| 008 |
800610s1953 gw a 00000 ger |
| 010 |
|
|
|a 53026486
|
| 035 |
|
|
|a (OCoLC)06405048
|
| 035 |
|
|
|9 AAF0299AM
|
| 040 |
|
|
|a DLC
|c TXA
|d UtOrBLW
|
| 049 |
|
|
|a TXAM
|c [250271]
|
| 050 |
|
0 |
|a QK648
|b .S38
|
| 082 |
0 |
|
|a 581.477
|
| 092 |
|
|
|a 581.477
|b S398r
|
| 100 |
1 |
|
|a Schwankl, Alfred,
|d 1897-
|
| 245 |
1 |
4 |
|a Die Rinde, das Gesicht des Baumes ;
|b ein Buch zum Bestimmen der Baume und Holzer nach ihren Rinden von 75 Arten des In- und Auslandes.
|
| 264 |
|
1 |
|a Stuttgart :
|b Franckh,
|c [1953]
|
| 300 |
|
|
|a 99 pages :
|b illustrations ;
|c 20 cm.
|
| 336 |
|
|
|a text
|b txt
|2 rdacontent
|
| 337 |
|
|
|a unmediated
|b n
|2 rdamedia
|
| 338 |
|
|
|a volume
|b nc
|2 rdacarrier
|
| 650 |
|
0 |
|a Bark.
|
| 650 |
|
0 |
|a Trees.
|
| 999 |
|
|
|a MARS
|
| 999 |
f |
f |
|s 9d1ac2b8-6c7f-3a33-9c7f-08de19f53f43
|i 921eaa11-1948-31c9-98d3-f8760e1f6108
|t 0
|
| 952 |
f |
f |
|p ric
|a Texas A&M University
|b Rellis Campus
|c Joint Library Facility
|d Remote Storage
|t 0
|e QK648 .S38
|h Library of Congress classification
|i unmediated -- volume
|m A14800990422
|
| 998 |
f |
f |
|a QK648 .S38
|t 0
|l Remote Storage
|